| 000 | 00674nam a2200229Ia 4500 | ||
|---|---|---|---|
| 003 | GCL | ||
| 008 | 140319s9999 xx 000 0 ara d | ||
| 040 |
_aGCL / _cGCL |
||
| 082 | 0 | 4 |
_a751 _bح ت |
| 100 | 1 | _aمحمد حماد | |
| 245 | 1 | 0 |
_aتكنولوجيا التصوير الوسائل الصناعية فى التصوير وتاريخها / _cمحمد حماد |
| 260 |
_a[S.N] : _bلا يوجد ، _c1973 |
||
| 490 | _a | ||
| 650 | 0 | 4 | _aالضوء |
| 650 | 0 | 4 | _aالفن |
| 650 | 0 | 4 | _aالالوان |
| 650 | 0 | 4 | _aتركيب |
| 650 | 0 | 4 | _aالاصباغ |
| 650 | 0 | 4 | _aالتصوير الزيتى |
| 650 | 0 | 4 | _aالخامات الفنية |
| 942 |
_2ddc _cBK |
||
| 999 |
_c36366 _d36366 |
||